| 000 | 01615nam a2200337 i 4500 | ||
|---|---|---|---|
| 003 | EG-GICUC | ||
| 005 | 20260208001225.0 | ||
| 008 | 260119s1968 ua ad||f |||| 00| 0 ara d | ||
| 040 |
_a EG-GICUC _bara _c EG-GICUC _d EG-GICUC _erda |
||
| 041 | _aara | ||
| 082 | 0 | 4 |
_221 _a345.45713 _bأ ن . م |
| 092 | 0 | 4 | _221 |
| 099 | _aLaw1 07 345.45713 أ ن . م 1 ed - 1968 | ||
| 100 | 0 |
_aأنور العمروسي _eمؤلف. |
|
| 245 | 1 | 2 |
_aالمسئولية الجنائية للعاملين بالدولة والقطاع العام عن الإهمال والخطأ الجسيم وإساءة استعمال السلطة ، والإخلال الجسيم بواجبات الوظيفة : _bدراسة تأصيلية مقارنة طبقا لأحدث التعديلات والتطبيقات / _cتأليف أنور العمروسي، أحمد المنوفي . |
| 250 | _aالطبعة الأولى | ||
| 264 | 3 |
_aالقاهرة : _bالشركة المصرية للطباعة ، _c1968 . |
|
| 300 |
_a515 ؛ صفحة _bإيضاحيات، جداول ؛ _c24 سم |
||
| 336 |
_2rda content _atext |
||
| 337 |
_2rda media _aComputer |
||
| 338 |
_2rda carrier _aOnline Resource |
||
| 504 | _a. 509-501 ببليوجرافيا: صفحات. | ||
| 504 | _aيشتمل على إرجاعات ببليوجرافية | ||
| 650 | 1 | 4 |
_aالجريمة الجنائية للموظف العام _2qrmak |
| 650 | 1 | 4 | _aالقانون الإداري |
| 651 | 1 | _2qrmak | |
| 700 |
_aأحمد المنوفي _eمؤلف. |
||
| 856 | 4 | 0 | _uhttps://fll.law.cu.edu.eg/fulltext/bks/B07-02266.pdf |
| 905 |
_a61 _eYara |
||
| 942 |
_2ddc _cBK _e21 _n0 |
||
| 999 |
_c57708 _d57708 |
||